Niejasne obrazy = Unclear images / Kazimierz Cieślik ; teksty Marek Kamieński, Irma Kozina, Ryszard Koziołek, Ignacy Miedziński ; tłumaczenie Łukasz Kansy.

005 -DATA I CZAS OSTATNIEJ MODYFIKACJI [,]
    • @
    • pole kontrolne
    • 20181220021500.0
040 -Instytucja sporządzająca opis [ , ]
    • a
    • Instytucja, która sporządziła opis (NP)
    • KR 127/AB
    • c
    • Instytucja, która sporządziła rekord (NP)
    • KR 127/ABs
    • d
    • Instytucja, która zmodyfikowała rekord (P)
    • KR 127/UZ
041 -Język dokumentu [1, ]
    • a
    • Język tekstu (P)
    • polski
    • a
    • Język tekstu (P)
    • angielski
    • h
    • Język tekstu oryginalnego i/lub pośredniego (P)
    • polski
044 -Kraj miejsca wydania [ , ]
    • a
    • Kraj miejsca wydania
    • Polska
942 -Rodzaj dokumentu [ , ]
    • c
    • Rodzaj dokumentu
    • Książka
999 -Numery powiązań z B-I [ , ]
    • a
    • Nr Libry
    • VIRTUA40 m
999 -Numery powiązań z B-I [ , ]
    • a
    • Nr Libry
    • LOADOPT
020 -Międzynarod. znormalizowany nr książki - ISBN [ , ]
    • a
    • Numer ISBN
    • 9788365825049 Find
100 -Hasło główne - nazwa osobowa [1, ]
    • a
    • Nazwa osobowa (NP)
    • Cieślik, Kazimierz
    • d
    • Daty biograficzne (NP)
    • (1953- ).
    • 9
    • KHW
    • 1573
245 -Strefa tytułu i oznaczenia odpowiedzialności [1,0]
    • a
    • Tytuł
    • Niejasne obrazy = Unclear images / Find
    • c
    • Pozostałe elementy strefy tytułu i oznaczenia odpowiedzialności (NP)
    • Kazimierz Cieślik ; teksty Marek Kamieński, Irma Kozina, Ryszard Koziołek, Ignacy Miedziński ; tłumaczenie Łukasz Kansy.
246 -Wariant tytułu [3,1]
    • a
    • Tytuł (NP)
    • Unclear images
260 -Strefa adresu wydawniczego [ , ]
    • a
    • Miejsce wydania (P)
    • Katowice :
    • b
    • Nazwa wydawcy (P)
    • Akademia Sztuk Pięknych,
    • c
    • Data wydania (P)
    • 2017.
700 -Hasło dodatkowe - nazwa osobowa [1, ]
    • a
    • Nazwa osobowa (NP)
    • Kamieński, Marek Find
    • d
    • Daty biograficzne (NP)
    • (1953- ).
    • e
    • Określenie rodzaju współpracy (NP)
    • Tekst.
    • 9
    • KHW
    • 1574
700 -Hasło dodatkowe - nazwa osobowa [1, ]
    • a
    • Nazwa osobowa (NP)
    • Kozina, Irma Find
    • d
    • Daty biograficzne (NP)
    • (1964- ).
    • e
    • Określenie rodzaju współpracy (NP)
    • Tekst.
    • 9
    • KHW
    • 115
700 -Hasło dodatkowe - nazwa osobowa [1, ]
    • a
    • Nazwa osobowa (NP)
    • Koziołek, Ryszard Find
    • d
    • Daty biograficzne (NP)
    • (1966- ).
    • e
    • Określenie rodzaju współpracy (NP)
    • Tekst.
    • 9
    • KHW
    • 1575
700 -Hasło dodatkowe - nazwa osobowa [1, ]
    • a
    • Nazwa osobowa (NP)
    • Miedziński, Ignacy. Find
    • e
    • Określenie rodzaju współpracy (NP)
    • Tekst.
    • 9
    • KHW
    • 1576
700 -Hasło dodatkowe - nazwa osobowa [1, ]
    • a
    • Nazwa osobowa (NP)
    • Kansy, Łukasz. Find
    • e
    • Określenie rodzaju współpracy (NP)
    • Tłumaczenie.
    • 9
    • KHW
    • 712
920 -ISBN [ , ]
    • a
    • ISBN
    • 978-83-65825-04-9 Find
300 -Strefa opisu fizycznego [ , ]
    • a
    • Określenie formy książki i/lub objętość (NP)
    • 158, [2] strony :
    • b
    • Oznaczenie ilustracji (NP)
    • ilustracje kolorowe ;
    • c
    • Format (NP)
    • 31 cm.
710 -Hasło dodatkowe - nazwa ciała zbiorowego [2, ]
    • a
    • Nazwa ciała zbiorowego lub nazwa geograficzna jako pierwszy element (NP)
    • Akademia Sztuk Pięknych (Katowice).
    • 4
    • Kod relacji
    • pbl
    • 9
    • KHW
    • 710
500 -Uwaga ogólna [ , ]
    • a
    • Uwaga ogólna (NP)
    • Publikacja zawiera artystyczny życiorys autorstwa artysty.
600 -Hasło przedmiotowe w formie nazwy osobowej [1, ]
    • a
    • Nazwa osobowa
    • Cieślik, Kazimierz (1953- )
650 -Hasło przedmiotowe [ , ]
    • a
    • Hasło przedmiotowe
    • Sztuka polska - 1945-
650 -Hasło przedmiotowe [ , ]
    • a
    • Hasło przedmiotowe
    • Malarstwo polskie - 20 w.
856 -Lokalizacja i sposób dostępu do dokumentu elektronicznego [4,8]
    • 3
    • Wyszczególnienie materiału
    • Okładka
856 -Lokalizacja i sposób dostępu do dokumentu elektronicznego [4,8]
    • 3
    • Wyszczególnienie materiału
    • Niejasne obrazy:
Data inwentaryzacji Sygnatura Status udost. Kierowanie Numer inwentarzowy
2018-10-3011415-3WYPI.11415
2018-10-3011416-3WYPI.11416